Normal view
MARC view
Entry Personal Name
001 - CONTROL NUMBER
- control field: 1234718
003 - CONTROL NUMBER IDENTIFIER
- control field: OSt
005 - DATE AND TIME OF LATEST TRANSACTION
- control field: 20260413111139.0
008 - FIXED-LENGTH DATA ELEMENTS
- fixed length control field: 260413|| aca||aabn | a|a d
040 ## - CATALOGING SOURCE
- Original cataloging agency: OSt
- Transcribing agency: OSt
100 ## - HEADING--PERSONAL NAME
- Personal name: Chennat, Sailaja. Supervisor
670 ## - SOURCE DATA FOUND
- Source citation: Work cat.: (OSt)1848247: Karjee, Priyanka 1234716, Implementation and practices of integrated child development scheme in the context of pre- primary education in West Bangal/, 2025
